00658nam a22002057a 4500003000400000005001700004008004100021020001800062040002300080082002800103100002400131245008200155260004100237300002600278504003600304650003300340650003700373700002100410700002100431OSt20251216090619.0251216b |||||||| |||| 00| 0 eng d a991-91080-1-8 aDWCL-Main lib.cOC aFil. 959.9046 D561 1988 aDe Dios, Aurora J.  aDictatorship and revolution : b roots of people's power/cAurora J. De Dios  aPhilippines :b Conspectus,c c1988. axvi 902 p. ;c 22 cm. ainclude bibliography and index. a1. Phil.- History-1966-1988. a2. Phil.-Dictatorship-1972-1986. aDaroy, Petronilo aTirol, Lorna K.